[Event "4NCL 2011-12"]
[Site "Hinkley ENG"]
[Date "2012.05.05"]
[Round "9.11"]
[White "Jirka, Jiri"]
[Black "Cherniaev, Alexander"]
[Result "0-1"]
[WhiteTitle "IM"]
[BlackTitle "GM"]
[WhiteElo "2415"]
[BlackElo "2469"]
[WhiteTeam "The AD's"]
[BlackTeam "Guildford 1"]
[WhiteFideId "311731"]
[BlackFideId "4117301"]
[EventDate "2011.11.12"]

1. d4 Nf6 2. c4 d6 3. Nf3 g6 4. g3 Bg7 5. Nc3 O-O 6. Bg2 Nbd7 7. O-O a6 8. e4 e5
9. h3 b5 10. Qc2 c6 11. Rd1 Re8 12. c5 exd4 13. Nxd4 Bb7 14. Nb3 b4 15. Na4 d5
16. Bg5 Qc7 17. Bf4 Qd8 18. exd5 Nxd5 19. Qd2 a5 20. Rac1 Ra6 21. Bg5 Qc8 22.
Nd4 Nf8 23. Bh6 Bh8 24. Re1 Rd8 25. Re4 Nd7 26. Bg5 N7f6 27. Rh4 Re8 28. Re1
Rxe1+ 29. Qxe1 Qf8 30. Bh6 Qd8 31. Bg5 Qf8 32. Nb3 Ra8 33. Rd4 Ba6 34. Rd1 Bb5
35. Nb6 Re8 36. Qd2 a4 37. Bxf6 Nxf6 38. Nd4 Qxc5 39. Nxb5 Qxb5 40. Nd7 Rd8 41.
Nxf6+ Bxf6 42. Qc2 Rxd1+ 43. Qxd1 Bxb2 44. Qd7 b3 45. axb3 a3 46. Bxc6 Qf5 47.
Qa7 Qf6 48. Qa8+ Kg7 49. Bf3 Qxf3 50. Qxf3 a2 51. Kg2 a1=Q 52. g4 Bf6 53. Qd5
Qd4 54. Qxd4 Bxd4 55. f4 f5 56. Kf3 Kf7 57. Kg3 Bc5 58. gxf5 gxf5 59. Kh4 Kf6
60. Kh5 Be3 61. Kh6 Bxf4+ 0-1

[Event "4NCL 2011-12"]
[Site "Hinkley ENG"]
[Date "2012.05.05"]
[Round "9.12"]
[White "Cuenca Jimenez, Jose Fernando"]
[Black "Cernousek, Lukas"]
[Result "1-0"]
[WhiteTitle "IM"]
[BlackTitle "IM"]
[WhiteElo "2474"]
[BlackElo "2438"]
[WhiteTeam "Guildford 1"]
[BlackTeam "The AD's"]
[WhiteFideId "2255570"]
[BlackFideId "311707"]
[EventDate "2011.11.12"]

1. e4 c5 2. Nf3 d6 3. d4 Nf6 4. Nc3 cxd4 5. Nxd4 a6 6. h3 e6 7. g4 d5 8. exd5
Nxd5 9. Bd2 b5 10. Bg2 Bb7 11. O-O h5 12. Qe1 Qd7 13. g5 Nxc3 14. Bxb7 Qxb7 15.
Nxe6 fxe6 16. Qxe6+ Be7 17. Qg6+ Kd8 18. Bxc3 Nc6 19. Rfe1 Kc7 20. Re6 Rac8 21.
Rxe7+ Nxe7 22. Be5+ Kd7 23. Rd1+ Nd5 24. Qf7+ Kc6 25. Qe6+ Kc5 26. Qd6+ Kc4 27.
b3# 1-0

[Event "4NCL 2011-12"]
[Site "Hinkley ENG"]
[Date "2012.05.05"]
[Round "9.14"]
[White "Flear, Glenn C"]
[Black "Wheeler, Darren P"]
[Result "1/2-1/2"]
[WhiteTitle "GM"]
[WhiteElo "2472"]
[BlackElo "2272"]
[WhiteTeam "Guildford"]
[BlackTeam "The AD's"]
[WhiteFideId "400165"]
[BlackFideId "410136"]
[EventDate "2011.11.12"]

1. d4 e6 2. c4 Nf6 3. Nf3 d5 4. g3 c5 5. cxd5 exd5 6. Bg2 Nc6 7. O-O Be7 8. Nc3
O-O 9. Bg5 Be6 10. dxc5 Bxc5 11. Rc1 Bb6 12. Na4 h6 13. Bxf6 Qxf6 14. a3 Bd8 15.
b4 Be7 16. Nc5 Rab8 17. e3 Rfc8 18. Qd3 a5 19. Nxe6 fxe6 20. b5 Ne5 21. Nxe5
Qxe5 22. a4 Bc5 23. Bh3 b6 24. Rfe1 Rf8 25. f4 Qd6 26. Kh1 Rbe8 27. e4 Kh8 28.
Rcd1 Rd8 29. e5 Qe7 30. Qg6 Rde8 31. f5 Qg5 32. Qxg5 hxg5 33. fxe6 d4 34. Kg2
Kg8 35. Rf1 Rxf1 36. Kxf1 Rf8+ 37. Ke2 Kh7 38. Bg2 Kh8 39. Bd5 Rd8 40. Bc6 d3+
41. Kd2 Rd4 42. Rf1 Bb4+ 43. Ke3 Bc5 44. e7 Rd8+ 1/2-1/2

[Event "4NCL 2011-12"]
[Site "Hinkley ENG"]
[Date "2012.05.05"]
[Round "9.55"]
[White "Snape, Ian L"]
[Black "Garrido Dominguez, Jesus"]
[Result "1-0"]
[BlackTitle "IM"]
[WhiteElo "2231"]
[BlackElo "2389"]
[WhiteTeam "The AD's"]
[BlackTeam "Guildford 2"]
[WhiteFideId "404489"]
[BlackFideId "2254174"]
[EventDate "2011.11.12"]

1. c4 Nf6 2. Nc3 g6 3. g3 Bg7 4. Bg2 O-O 5. Nf3 c6 6. O-O d6 7. d4 Qb6 8. e4 Bg4
9. h3 Bxf3 10. Bxf3 Nfd7 11. Be3 c5 12. Na4 Qc7 13. d5 a6 14. Be2 Nf6 15. Nc3
Nbd7 16. Qc2 Rae8 17. f4 e6 18. dxe6 fxe6 19. Kh2 d5 20. e5 d4 21. exf6 Bxf6 22.
Bd2 dxc3 23. Bxc3 Bxc3 24. Qxc3 e5 25. Bf3 e4 26. Bg2 Nf6 27. Rae1 Re7 28. Re3
h5 29. Kg1 Qd6 30. h4 Rfe8 31. Bh3 Rg7 32. Qc1 Rd8 33. Qc3 Qd4 34. Kg2 b5 35.
Rfe1 Re7 36. cxb5 axb5 37. Qb3+ Nd5 38. R3e2 b4 39. Qc2 Nf6 40. Qb3+ Qd5 41. Rd1 1-0

[Event "4NCL 2011-12"]
[Site "Hinkley ENG"]
[Date "2012.05.05"]
[Round "9.56"]
[White "Suarez Real, Alberto"]
[Black "Swindells, Jonathan E"]
[Result "1-0"]
[WhiteTitle "FM"]
[WhiteElo "2387"]
[BlackElo "2178"]
[WhiteTeam "Guildford"]
[BlackTeam "The AD's"]
[WhiteFideId "2218534"]
[BlackFideId "421863"]
[EventDate "2011.11.12"]

1. e4 e5 2. Nf3 Nc6 3. d4 exd4 4. Nxd4 Nf6 5. Nxc6 bxc6 6. e5 Qe7 7. Qe2 Nd5 8.
c4 Ba6 9. b3 g5 10. h4 Bg7 11. Bb2 Nf4 12. Qe3 Ng6 13. hxg5 Nxe5 14. Nc3 Ng6 15.
Qxe7+ Nxe7 16. O-O-O f5 17. gxf6 Bxf6 18. Ne4 Bxb2+ 19. Kxb2 O-O-O 20. Nc5 Bb7
21. Bd3 h6 22. Rhe1 Ng8 23. Nxd7 Kxd7 24. Bf5# 1-0

[Event "4NCL 2011-12"]
[Site "Hinkley ENG"]
[Date "2012.05.05"]
[Round "9.17"]
[White "Anderton, David W"]
[Black "Wall, Gavin"]
[Result "1/2-1/2"]
[WhiteTitle "CM"]
[BlackTitle "IM"]
[WhiteElo "2221"]
[BlackElo "2330"]
[WhiteTeam "The AD's"]
[BlackTeam "Guildford 1"]
[WhiteFideId "401668"]
[BlackFideId "2501244"]
[EventDate "2011.11.12"]

1. d4 f5 2. c4 Nf6 3. g3 g6 4. Bg2 Bg7 5. Nf3 O-O 6. Nc3 d6 7. O-O Qe8 8. Re1
Qf7 9. e4 fxe4 10. Nxe4 Qxc4 11. Nxf6+ exf6 12. Re7 Nc6 13. Rxc7 Rf7 14. Nd2 Qb5
15. a4 Qb6 16. Rxf7 Kxf7 17. Bd5+ Kf8 18. Nc4 Qxd4 19. Bf4 Qxd1+ 20. Rxd1 Ne5
21. Bxe5 dxe5 22. Nd6 Ke7 1/2-1/2

[Event "4NCL 2011-12"]
[Site "Hinkley ENG"]
[Date "2012.05.05"]
[Round "9.58"]
[White "Sarakauskiene, Zivile"]
[Black "Bellin, Jana M"]
[Result "1/2-1/2"]
[WhiteTitle "WIM"]
[BlackTitle "WGM"]
[WhiteElo "2191"]
[BlackElo "2133"]
[WhiteTeam "Guildford 2"]
[BlackTeam "The AD's"]
[WhiteFideId "12800864"]
[BlackFideId "402168"]
[EventDate "2011.11.12"]

1. e4 c5 2. Nf3 e6 3. d4 cxd4 4. Nxd4 a6 5. Bd3 Nf6 6. O-O d6 7. c4 Be7 8. Nc3
Qc7 9. Be3 Nbd7 10. f4 Nc5 11. Bc2 b6 12. Qe2 Bb7 13. Bf2 O-O 14. e5 Ne8 15.
Rae1 g6 16. h4 Ng7 17. g4 dxe5 18. fxe5 Rad8 19. Nf3 h5 20. g5 Bc6 21. Ne4 Nxe4
22. Bxe4 Bxe4 1/2-1/2

[Event "4NCL 2011-12"]
[Site "Hinkley ENG"]
[Date "2012.05.05"]
[Round "9.61"]
[White "Buckley, David E"]
[Black "Mah, Karl C C"]
[Result "0-1"]
[BlackTitle "IM"]
[WhiteElo "2245"]
[BlackElo "2419"]
[WhiteTeam "Bristol"]
[BlackTeam "Cambridge University"]
[WhiteFideId "407437"]
[BlackFideId "404381"]
[EventDate "2011.11.12"]

1. d4 Nf6 2. c4 g6 3. Nc3 Bg7 4. Nf3 O-O 5. e4 d6 6. Be2 e5 7. O-O Nbd7 8. Be3
c6 9. Qc2 Qe7 10. Rad1 Kh8 11. Rfe1 Ng8 12. c5 dxc5 13. dxc5 Ndf6 14. b4 Ng4 15.
Bg5 f6 16. Bc1 a5 17. Ba3 axb4 18. Bxb4 Be6 19. a4 f5 20. exf5 gxf5 21. h3 N4h6
22. a5 Nf7 23. Nd2 Qh4 24. Qb1 Ne7 25. Nf1 Rg8 26. Ng3 f4 27. Nge4 Bh6 28. Kh2
Rxg2+ 29. Kxg2 Bxh3+ 0-1

[Event "4NCL 2011-12"]
[Site "Hinkley ENG"]
[Date "2012.05.05"]
[Round "9.62"]
[White "Dearing, Eddie"]
[Black "Beaumont, Chris R"]
[Result "0-1"]
[WhiteTitle "IM"]
[BlackTitle "IM"]
[WhiteElo "2411"]
[BlackElo "2279"]
[WhiteTeam "Cambridge University"]
[BlackTeam "Bristol"]
[WhiteFideId "2400731"]
[BlackFideId "400424"]
[EventDate "2011.11.12"]

1. Nf3 Nf6 2. c4 g6 3. Nc3 d5 4. cxd5 Nxd5 5. Qb3 Nb6 6. d4 Be6 7. Qc2 Bg7 8. e4
O-O 9. Be3 Nc4 10. Bf4 c6 11. Rd1 Qb6 12. b3 Na3 13. Qc1 Nb5 14. Na4 Qa5+ 15.
Bd2 Qd8 16. d5 Bg4 17. dxc6 bxc6 18. Be2 Bxf3 19. Bxf3 Nd4 20. Be2 Nd7 21. Ba6
Nb6 22. Nc5 Nd7 23. Na4 Nb6 24. Nc5 Nd7 25. Nxd7 Qxd7 26. O-O e5 27. Qc4 h5 28.
Be3 Rfd8 29. Rd2 Rab8 30. Qc5 Qc7 31. f4 Ne6 32. Qc4 Rxd2 33. Bxd2 exf4 34. Rc1
Rd8 35. Be1 c5 36. b4 Rd4 37. Qc2 Qb6 38. b5 Qd6 39. Bb7 f3 40. gxf3 Qf4 41. Bg3
Qxf3 42. Rf1 Qe3+ 43. Kh1 Rd2 44. Qc4 h4 45. Be1 Re2 46. Bxh4 Be5 0-1

[Event "4NCL 2011-12"]
[Site "Hinkley ENG"]
[Date "2012.05.05"]
[Round "9.63"]
[White "Rudd, Jack"]
[Black "Moskovic, David M"]
[Result "0-1"]
[WhiteTitle "IM"]
[BlackTitle "FM"]
[WhiteElo "2290"]
[BlackElo "2324"]
[WhiteTeam "Bristol"]
[BlackTeam "Cambridge University"]
[WhiteFideId "405736"]
[BlackFideId "404535"]
[EventDate "2011.11.12"]

1. e4 c5 2. Nf3 e6 3. d4 cxd4 4. Nxd4 a6 5. Bd3 Bc5 6. Nb3 Be7 7. c4 d6 8. Nc3
Nf6 9. O-O b6 10. Be3 Bb7 11. f4 Nbd7 12. Qf3 O-O 13. Qh3 Re8 14. Rad1 Qc7 15.
Rd2 Bf8 16. Rdf2 h5 17. e5 dxe5 18. fxe5 Nxe5 19. Rxf6 gxf6 20. Qg3+ Kh8 21.
Rxf6 Bg7 22. Bg5 Rac8 23. Rh6+ Kg8 24. Bf4 h4 25. Rxh4 f6 26. Bg6 Re7 27. Bh7+
Kf8 28. Be4 Qd6 29. Nd2 f5 30. Bxb7 Rxb7 31. Rh7 Qd4+ 32. Kh1 Nd3 33. Ne2 Nf2+
34. Kg1 Ne4+ 35. Qe3 Qxe3+ 36. Bxe3 Nxd2 37. Bxd2 Rxc4 0-1

[Event "4NCL 2011-12"]
[Site "Hinkley ENG"]
[Date "2012.05.05"]
[Round "9.65"]
[White "Curtis, John E"]
[Black "Bisby, Daniel L"]
[Result "0-1"]
[BlackTitle "FM"]
[WhiteElo "2116"]
[BlackElo "2264"]
[WhiteTeam "Bristol"]
[BlackTeam "Cambridge University"]
[WhiteFideId "411892"]
[BlackFideId "404586"]
[EventDate "2011.11.12"]

1. d4 Nf6 2. Nf3 g6 3. Bg5 Bg7 4. Nbd2 O-O 5. c3 c5 6. Bxf6 exf6 7. dxc5 Na6 8.
Nb3 b6 9. cxb6 axb6 10. g3 Nc5 11. Bg2 f5 12. O-O Ba6 13. Nfd4 Ne4 14. a4 Re8
15. Nb5 d5 16. N3d4 Rc8 17. Qd3 Rc4 18. Rfd1 Qd7 19. Nc2 Rxa4 20. c4 Rxa1 21.
Rxa1 Bxb5 22. cxb5 Bxb2 23. Ra6 Qc7 24. Ra2 Bg7 25. Bxe4 dxe4 26. Qb3 f4 27. Kg2
e3 28. f3 h5 29. Nb4 fxg3 30. hxg3 h4 31. gxh4 Qf4 32. Ra7 Be5 33. Kf1 Rf8 34.
Nd5 Qxh4 35. Nxe3 Bg3 0-1

[Event "4NCL 2011-12"]
[Site "Hinkley ENG"]
[Date "2012.05.05"]
[Round "9.66"]
[White "Eckersley-Waites, Adam"]
[Black "Bennett, Dominic L"]
[Result "1-0"]
[WhiteElo "2231"]
[BlackElo "2074"]
[WhiteTeam "Cambridge University"]
[BlackTeam "Bristol"]
[WhiteFideId "411698"]
[BlackFideId "416657"]
[EventDate "2011.11.12"]

1. e4 c5 2. Nf3 e6 3. d4 cxd4 4. Nxd4 Nf6 5. Nc3 d6 6. g4 Be7 7. g5 Nfd7 8. h4
Nc6 9. Be3 Nb6 10. Rg1 g6 11. Be2 e5 12. Ndb5 O-O 13. Qd2 Be6 14. O-O-O Nc8 15.
Nd5 Bxd5 16. exd5 Nb8 17. Qb4 Na6 18. Qg4 Qa5 19. a3 Qd8 20. h5 Nc7 21. Rh1 Nxb5
22. Bxb5 Kg7 23. hxg6 hxg6 24. Rh7+ Kxh7 25. Qh4+ 1-0

[Event "4NCL 2011-12"]
[Site "Hinkley ENG"]
[Date "2012.05.05"]
[Round "9.31"]
[White "Talsma, Paul"]
[Black "Ward, Chris G"]
[Result "1/2-1/2"]
[BlackTitle "GM"]
[WhiteElo "2246"]
[BlackElo "2448"]
[WhiteTeam "Anglian Avengers"]
[BlackTeam "Wood Green Hilsmark 1"]
[WhiteFideId "1018779"]
[BlackFideId "400203"]
[EventDate "2011.11.12"]

1. d4 Nf6 2. c4 e6 3. Nc3 Bb4 4. a3 Bxc3+ 5. bxc3 b6 6. f3 Ba6 7. e4 Nc6 8. Bg5
h6 9. Bh4 Na5 10. Qa4 Qc8 11. Nh3 Qb7 12. d5 g5 13. Bg3 Nh5 14. Bf2 Rg8 15. g4
Nf6 16. Bd4 Nh7 17. Bd3 c5 18. Be5 Ke7 19. O-O f5 20. Bg3 e5 21. Nf2 1/2-1/2

[Event "4NCL 2011-12"]
[Site "Hinkley ENG"]
[Date "2012.05.05"]
[Round "9.32"]
[White "Lalic, Bogdan"]
[Black "Spence, David J"]
[Result "1-0"]
[WhiteTitle "GM"]
[WhiteElo "2454"]
[BlackElo "2211"]
[WhiteTeam "Wood Green Hilsmark"]
[BlackTeam "Anglian Avengers"]
[WhiteFideId "409081"]
[BlackFideId "407429"]
[EventDate "2011.11.12"]

1. Nf3 Nf6 2. c4 e6 3. g3 a6 4. Bg2 b5 5. b3 c5 6. Nc3 Bb7 7. O-O Qb6 8. e3 Ne4
9. Nxe4 Bxe4 10. d3 Bb7 11. Bb2 d6 12. Qe2 Nd7 13. d4 Be4 14. Rfd1 Qb7 15. d5
Bxf3 16. Qxf3 e5 17. Qe2 Be7 18. f4 f6 19. Qg4 O-O 20. Qe6+ Rf7 21. fxe5 Nxe5
22. Bxe5 fxe5 23. Rf1 Bf8 24. Bh3 Qe7 25. Qxf7+ Qxf7 26. Be6 Qxe6 27. dxe6 Re8
28. Rf7 1-0

[Event "4NCL 2011-12"]
[Site "Hinkley ENG"]
[Date "2012.05.05"]
[Round "9.33"]
[White "Merry, Alan B"]
[Black "Hanley, Craig A"]
[Result "1-0"]
[BlackTitle "IM"]
[WhiteElo "2100"]
[BlackElo "2415"]
[WhiteTeam "Anglian Avengers"]
[BlackTeam "Wood Green Hilsmark"]
[WhiteFideId "418811"]
[BlackFideId "408514"]
[EventDate "2011.11.12"]

1. e4 e5 2. Nf3 Nc6 3. Nc3 g6 4. Bc4 Bg7 5. d3 Na5 6. Bb3 Nxb3 7. axb3 d6 8. Be3
a6 9. Qd2 f5 10. exf5 gxf5 11. Bg5 Nf6 12. O-O-O Bd7 13. h3 h6 14. Bh4 c5 15. g4
Bc6 16. Qe2 Qd7 17. d4 Bxf3 18. Qxf3 cxd4 19. Bxf6 Bxf6 20. Nd5 Bg5+ 21. Kb1
fxg4 22. Qe4 Qf7 23. Rxd4 O-O 24. Rc4 gxh3 25. Rxh3 Qf5 26. Qg2 Kh8 27. Rg4 Rg8
28. Ne7 Qe6 29. Rxg5 1-0

[Event "4NCL 2011-12"]
[Site "Hinkley ENG"]
[Date "2012.05.05"]
[Round "9.34"]
[White "Arakhamia-Grant, Ketevan"]
[Black "Player, Edmund C"]
[Result "1-0"]
[WhiteTitle "GM"]
[WhiteElo "2443"]
[BlackElo "2199"]
[WhiteTeam "Wood Green Hilsmark 1"]
[BlackTeam "Anglian Avengers"]
[WhiteFideId "13600168"]
[BlackFideId "406520"]
[EventDate "2011.11.12"]

1. e4 e6 2. d4 d5 3. Nc3 Bb4 4. e5 Ne7 5. a3 Bxc3+ 6. bxc3 b6 7. Qg4 Ng6 8. h4
h5 9. Qg3 Ba6 10. Bxa6 Nxa6 11. Nf3 Qd7 12. a4 c5 13. O-O Rc8 14. Ba3 cxd4 15.
Nxd4 Nc5 16. Bxc5 bxc5 17. Nb5 O-O 18. f4 Ne7 19. Nd6 Nf5 20. Nxf5 exf5 21. Qf3
g6 22. Rfd1 Rfd8 23. a5 Rb8 24. Rd2 c4 25. a6 Rb5 26. Qe3 Rc8 27. g3 Rcc5 28.
Kf2 Qe6 29. Rdd1 Qb6 30. Ra4 Kf8 31. Qd4 Rc6 32. Ke3 Rcc5 33. Kd2 Rc6 34. Rda1
Ke7 35. Qxb6 Rcxb6 36. Ra5 Ke6 37. Ke3 f6 38. exf6 Kxf6 39. Kd4 Ke6 40. Re1+ Kd6
41. Raa1 Rb2 42. Ra5 R6b5 43. Rxb5 Rxb5 44. Re8 Rb6 45. Rg8 Kc7 46. Rg7+ Kb8 47.
Kxd5 Rxa6 48. Kxc4 Rc6+ 49. Kb4 a6 50. c4 Ka8 51. c5 Kb8 52. Kc4 Rf6 53. Kd5 a5
54. c6 Ka8 55. Rg8+ Ka7 56. c7 1-0

[Event "4NCL 2011-12"]
[Site "Hinkley ENG"]
[Date "2012.05.05"]
[Round "9.35"]
[White "Tozer, Philip A A"]
[Black "Trent, Lawrence"]
[Result "0-1"]
[BlackTitle "IM"]
[WhiteElo "2159"]
[BlackElo "2433"]
[WhiteTeam "Anglian Avengers"]
[BlackTeam "Wood Green Hilsmark 2"]
[WhiteFideId "419982"]
[BlackFideId "408638"]
[EventDate "2011.11.12"]

1. c4 g6 2. g3 Bg7 3. Bg2 Nf6 4. Nc3 O-O 5. e4 c5 6. Nge2 Nc6 7. O-O Ne8 8. d3
d6 9. Be3 Nd4 10. Rb1 a5 11. a3 a4 12. b4 axb3 13. Bxd4 cxd4 14. Nb5 e5 15. Qxb3
Nc7 16. Nxc7 Qxc7 17. Qb4 Qc5 18. Rb3 Qxb4 19. axb4 Bg4 20. f3 Be6 21. b5 Bh6
22. f4 Ra2 23. Nc1 Ra1 24. Ne2 Rfa8 25. h3 R1a2 26. Nc1 Rc2 27. Rb1 b6 28. Rf2
Rc3 29. Kf1 Ra7 30. Ke2 Rc2+ 31. Kf3 Rxf2+ 32. Kxf2 exf4 33. g4 Bg7 34. Kf3 Be5
35. Rb3 h5 36. g5 f6 37. gxf6 g5 0-1

[Event "4NCL 2011-12"]
[Site "Hinkley ENG"]
[Date "2012.05.05"]
[Round "9.36"]
[White "Houska, Jovanka"]
[Black "Gray, Mark S"]
[Result "1-0"]
[WhiteTitle "IM"]
[WhiteElo "2415"]
[BlackElo "2090"]
[WhiteTeam "Wood Green Hilsmark"]
[BlackTeam "Anglian Avengers"]
[WhiteFideId "405094"]
[BlackFideId "414964"]
[EventDate "2011.11.12"]

1. d4 Nf6 2. Nf3 d5 3. c4 e6 4. Nc3 Be7 5. Bg5 O-O 6. e3 h6 7. Bh4 b6 8. Rc1 Bb7
9. Be2 dxc4 10. Bxc4 Ne4 11. Bxe7 Qxe7 12. O-O Rd8 13. Qe2 Nd7 14. Nxe4 Bxe4 15.
Bb5 c5 16. Rc3 Qf6 17. Bxd7 Bxf3 18. Qxf3 Qxf3 19. gxf3 Rxd7 20. dxc5 bxc5 21.
Rxc5 Rd2 22. Rb1 Rb8 23. a3 Rbxb2 24. Rc8+ Kh7 25. Rxb2 Rxb2 26. Rc7 Ra2 27.
Rxa7 f6 28. f4 Kg8 29. Kg2 g5 30. fxg5 hxg5 31. a4 f5 32. h3 Kf8 33. Kg3 Kg8 34.
a5 e5 35. a6 f4+ 36. Kf3 e4+ 37. Kxe4 Rxf2 38. Rb7 Re2 39. a7 Rxe3+ 40. Kf5 Ra3
41. Rb8+ Kg7 42. a8=Q Rxa8 43. Rxa8 Kh6 44. Kg4 1-0

[Event "4NCL 2011-12"]
[Site "Hinkley ENG"]
[Date "2012.05.05"]
[Round "9.37"]
[White "Gregory, Stephen J"]
[Black "Greet, Andrew N"]
[Result "0-1"]
[BlackTitle "IM"]
[WhiteElo "2124"]
[BlackElo "2449"]
[WhiteTeam "Anglian Avengers"]
[BlackTeam "Wood Green Hilsmark 2"]
[WhiteFideId "410837"]
[BlackFideId "405817"]
[EventDate "2011.11.12"]

1. e4 e5 2. Bc4 Nf6 3. Qe2 Nc6 4. Nf3 Be7 5. d3 O-O 6. c3 d5 7. Bb5 Bd6 8. Bg5
h6 9. Bh4 g5 10. Bg3 Re8 11. Nbd2 dxe4 12. dxe4 Nh5 13. O-O-O Nf4 14. Bxf4 exf4
15. Nd4 Nxd4 16. cxd4 c6 17. Bd3 Bf8 18. g3 Qxd4 19. gxf4 Bg7 20. Nb3 Qf6 21.
fxg5 hxg5 22. Rhg1 a5 23. Qc2 a4 24. Nd2 Ra5 25. b4 axb3 26. Nxb3 Ra3 27. e5
Rxe5 28. Bh7+ Kh8 29. Rd4 Re8 30. Rd2 Be6 31. Re1 Rea8 32. Rxe6 fxe6 33. Bg6
Rxa2 34. Qe4 Ra1+ 35. Nxa1 Rxa1+ 0-1

[Event "4NCL 2011-12"]
[Site "Hinkley ENG"]
[Date "2012.05.05"]
[Round "9.38"]
[White "Pein, Malcolm"]
[Black "Smith, Olivia"]
[Result "1/2-1/2"]
[WhiteTitle "IM"]
[BlackTitle "WFM"]
[WhiteElo "2382"]
[BlackElo "2010"]
[WhiteTeam "Wood Green Hilsmark 2"]
[BlackTeam "Anglian Avengers"]
[WhiteFideId "400289"]
[BlackFideId "411850"]
[EventDate "2011.11.12"]

1. d4 d5 2. c4 c6 3. Nf3 Nf6 4. Nc3 e6 5. Bg5 Be7 6. e3 Nbd7 7. Qc2 O-O 8. O-O-O
a5 9. Ne5 dxc4 10. Bxc4 Nd5 11. h4 Nxc3 12. Qxc3 Nb6 13. Bxe7 Qxe7 14. Bd3 f6
15. Nf3 Nd5 16. Qc2 f5 17. a3 b5 18. e4 Nf4 19. Ne5 Bb7 20. exf5 Nxd3+ 21. Nxd3
exf5 22. Nc5 Rae8 23. Qc3 a4 24. Rhe1 Qf7 25. Rxe8 Rxe8 26. Re1 Rxe1+ 27. Qxe1
Bc8 28. Qe5 h6 29. Kd2 Kh7 30. Qd6 Qe8 31. Qe5 Qg6 32. g3 Qf7 33. Qd6 Qe8 34.
Qe5 Qf7 35. Qd6 Qe8 36. Qe5 Qf7 37. Ke3 Qc4 38. Kd2 b4 39. axb4 Qxb4+ 40. Kc2
Qc4+ 41. Kb1 Qf1+ 42. Ka2 Qxf2 43. Ka3 Qc2 44. Qc7 Ba6 45. Qxc6 Bf1 46. Qxa4 Qf2
47. Qd7 Qxg3+ 48. b3 Bh3 49. Ne6 f4 50. Nf8+ Kg8 51. Qe8 Qe3 52. Ne6+ Kh7 53.
Nf8+ 1/2-1/2

[Event "4NCL 2011-12"]
[Site "Hinkley ENG"]
[Date "2012.05.05"]
[Round "9.41"]
[White "Hunt, Harriet V"]
[Black "Tsanas, Athanasios"]
[Result "1-0"]
[WhiteTitle "IM"]
[WhiteElo "2454"]
[BlackElo "2295"]
[WhiteTeam "Blackthorne Russia"]
[BlackTeam "Oxford"]
[WhiteFideId "403512"]
[BlackFideId "4206061"]
[EventDate "2011.11.12"]

1. e4 c5 2. Nc3 Nc6 3. Nge2 g6 4. d4 cxd4 5. Nxd4 Bg7 6. Be3 Nf6 7. Bc4 d6 8. h3
O-O 9. O-O Bd7 10. Bb3 Na5 11. Qd3 a6 12. f4 Qc7 13. Nf3 Nxb3 14. axb3 Bc6 15.
b4 b5 16. Nd4 Bb7 17. Nb3 Qc4 18. Na5 Bxe4 19. Qxc4 bxc4 20. Nxc4 Bxc2 21. Nb6
Rad8 22. Rfc1 Bd3 23. Rd1 Bb5 24. Ra5 Bc6 25. Rxa6 Ne4 26. Nbd5 Bxd5 27. Nxd5
Rfe8 28. Nc7 Rf8 29. b5 Rb8 30. b6 Nc5 31. Bxc5 dxc5 32. Rd7 Rb7 33. Rxe7 Bf6
34. Re2 Rfb8 35. Re8+ Rxe8 36. Nxe8 Bd4+ 37. Kf1 c4 38. Nd6 Rxb6 39. Rxb6 Bxb6
40. Nxc4 Bc7 41. g3 h5 42. h4 Kf8 43. Ke2 Ke7 44. Kf3 Ke6 45. Ke4 Bb8 46. b4 f6
47. b5 g5 48. Ne3 gxf4 49. gxf4 Ba7 50. f5+ Kd6 51. b6 Bb8 52. Nd5 Kc6 53. Ne7+
Kc5 54. b7 Bg3 55. Kf3 Be5 56. Ng6 Bd6 57. Nf4 Kc6 58. Nxh5 Kxb7 59. Ke4 Kc6 60.
Nxf6 1-0

[Event "4NCL 2011-12"]
[Site "Hinkley ENG"]
[Date "2012.05.05"]
[Round "9.42"]
[White "Rose, Matthew"]
[Black "Ledger, Andrew J"]
[Result "1/2-1/2"]
[BlackTitle "IM"]
[WhiteElo "2282"]
[BlackElo "2424"]
[WhiteTeam "Oxford"]
[BlackTeam "Blackthorne Russia"]
[WhiteFideId "407941"]
[BlackFideId "400610"]
[EventDate "2011.11.12"]

1. e4 e5 2. Nf3 Nc6 3. Nc3 Nf6 4. Bb5 Bb4 5. O-O O-O 6. d3 d6 7. Bg5 Bxc3 8.
bxc3 Qe7 9. Re1 Nd8 10. d4 Ne6 11. Bc1 c5 12. a4 Rd8 13. h3 Rb8 14. Bc4 h6 15.
Bd5 Nf8 16. Qd3 Ng6 17. dxc5 dxc5 18. c4 Nh5 19. Qc3 Re8 20. Rb1 Qf6 21. Rb5 b6
22. a5 Ngf4 23. axb6 axb6 24. Kh2 Qg6 25. g3 Nxd5 26. cxd5 Qd6 27. Rb1 g5 28.
Kg2 f6 29. Nh2 1/2-1/2

[Event "4NCL 2011-12"]
[Site "Hinkley ENG"]
[Date "2012.05.05"]
[Round "9.43"]
[White "Bates, Richard A"]
[Black "White, Michael J R"]
[Result "1-0"]
[WhiteTitle "IM"]
[BlackTitle "FM"]
[WhiteElo "2386"]
[BlackElo "2214"]
[WhiteTeam "Blackthorne Russia"]
[BlackTeam "Oxford"]
[WhiteFideId "403555"]
[BlackFideId "407380"]
[EventDate "2011.11.12"]

1. d4 Nf6 2. Nf3 g6 3. g3 Bg7 4. Bg2 d5 5. c4 dxc4 6. O-O O-O 7. Na3 c3 8. bxc3
c5 9. e3 Nc6 10. Qe2 Nd5 11. Bb2 Nb6 12. Rac1 Qd5 13. c4 Qh5 14. d5 Ne5 15. Bxe5
Bxe5 16. Qc2 Bb8 17. Ne1 Nd7 18. Nd3 Nf6 19. f3 Rd8 20. e4 e5 21. Qf2 a6 22. Nc2
b5 23. Ne3 Qh6 24. f4 exf4 25. gxf4 Bc7 26. e5 Nh5 27. d6 Ra7 28. Nd5 Bb8 29.
Ne7+ Rxe7 30. dxe7 Re8 31. Qxc5 Bf5 32. Bc6 Bxd3 33. Bxe8 Nxf4 34. Bc6 Ne2+ 35.
Kh1 Ng3+ 36. Kg2 Bxf1+ 37. Rxf1 1-0